El mejor hombre de la guerrilla / (Record no. 9377)
[ view plain ]
| 000 -CABECERA | |
|---|---|
| campo de control de longitud fija | 00982cam a2200265 a 4500 |
| 001 - NÚMERO DE CONTROL | |
| campo de control | 000009617 |
| 005 - FECHA Y HORA DE LA ÚLTIMA TRANSACCIÓN | |
| campo de control | 20200929161638.0 |
| 008 - DATOS DE LONGITUD FIJA--INFORMACIÓN GENERAL | |
| campo de control de longitud fija | 850507s1990 cu 001 0bspa |
| 035 ## - NÚMERO DE CONTROL DEL SISTEMA | |
| Número de control de sistema | (DLC) 85839976 |
| 040 ## - FUENTE DE LA CATALOGACIÓN | |
| Centro catalogador/agencia de origen | DO-SdBNP |
| Lengua de catalogación | spa |
| Centro/agencia transcriptor | DLC |
| Centro/agencia modificador | BNPHU |
| 082 ## - NÚMERO DE LA CLASIFICACIÓN DECIMAL DEWEY | |
| Número de clasificación | Cu868.44 |
| Número de documento/Ítem | S961m |
| 049 ## - FONDOS LOCALES (OCLC) | |
| Fondos de biblioteca | BNGR |
| 100 1# - ENTRADA PRINCIPAL--NOMBRE DE PERSONA | |
| Nombre de persona | Surí Quesada, Emilio, |
| Fechas asociadas al nombre | 1952- |
| 9 (RLIN) | 24466 |
| 245 13 - MENCIÓN DE TÍTULO | |
| Título | El mejor hombre de la guerrilla / |
| Mención de responsabilidad, etc. | Emilio Surí Quesada. |
| 260 ## - PUBLICACIÓN, DISTRIBUCIÓN, ETC. | |
| Lugar de publicación, distribución, etc. | La Habana, (Cuba) : |
| Nombre del editor, distribuidor, etc. | Capitán San Luis, |
| Fecha de publicación, distribución, etc. | 1990. |
| 300 ## - DESCRIPCIÓN FÍSICA | |
| Extensión | 237 p. ; |
| Dimensiones | 18 cm. |
| 490 1# - MENCIÓN DE SERIE | |
| Mención de serie | Testimonio |
| 500 ## - NOTA GENERAL | |
| Nota general | Elaborado a partir de entrevistas con familiares y conocidos de El Capitán San Luis, Eliseo Reyes Rodríguez. |
| 600 10 - PUNTO DE ACCESO ADICIONAL DE MATERIA--NOMBRE DE PERSONA | |
| Nombre de persona | REYES RODRÍGUEZ, ELISEO, |
| Fechas asociadas al nombre | 1940-1967. |
| Subdivisión de forma | BIOGRAFÍA |
| 9 (RLIN) | 24467 |
| 650 #4 - PUNTO DE ACCESO ADICIONAL DE MATERIA--TÉRMINO DE MATERIA | |
| Término de materia o nombre geográfico como elemento de entrada | Entrevistas (periodismo) |
| Subdivisión general | Aspectos sociales |
| Subdivisión geográfica | Cuba |
| 9 (RLIN) | 24468 |
| 650 #4 - PUNTO DE ACCESO ADICIONAL DE MATERIA--TÉRMINO DE MATERIA | |
| Término de materia o nombre geográfico como elemento de entrada | Literatura cubana |
| Subdivisión cronológica | SIGLO XX |
| 9 (RLIN) | 9186 |
| 651 #4 - PUNTO DE ACCESO ADICIONAL DE MATERIA--NOMBRE GEOGRÁFICO | |
| Nombre geográfico | Bolivia |
| Subdivisión general | Historia |
| Subdivisión cronológica | 1938 |
| 9 (RLIN) | 24469 |
| 830 #0 - PUNTO DE ACCESO ADICIONAL DE SERIE-TÍTULO UNIFORME | |
| Título uniforme | Testimonio. |
| 9 (RLIN) | 16115 |
| 910 ## - DATOS DE OPCIÓN DEL USUARIO (OCLC) | |
| Datos de opción del usuario | Catalogación por copia / LC |
| Estado de retiro | Estado de pérdida | Restricciones de uso | No para préstamo | Código de colección | Localización permanente | Ubicación/localización actual | Ubicación en estantería | Fecha de adquisición | Número de inventario | Total de préstamos | Signatura topográfica completa | Código de barras | Fecha visto por última vez | Precio válido a partir de | Tipo de ítem Koha |
|---|---|---|---|---|---|---|---|---|---|---|---|---|---|---|---|
| Préstamo interno | Monografías: Libros y Folletos | General | General | En catalogación | 30.09.2009 | LF1 | Cu868.44 S961m | 9617-10 | 25.06.2020 | 25.06.2020 | Préstamo interno |
